| 000 | 00428cam a2200181 4500 | ||
|---|---|---|---|
| 001 | D12396 | ||
| 008 | 090401t1968 xxu||||| |||| 00| 0 eng d | ||
| 035 | _a(Sirsi) u3195 | ||
| 041 | _aeng | ||
| 100 | _aChrystal-Smith, G. | ||
| 245 | _aStandard method of measurement illustrated | ||
| 250 | _a3rd | ||
| 260 |
_aLondon _bGeorge Newnes Ltd _c1968 |
||
| 350 | _a0 | ||
| 520 | _aShelf 135 | ||
| 942 | _n0 | ||
| 948 | _c04/03/1997 | ||
| 999 |
_c85856 _d85856 |
||